2005 MLB Playoff Lineups - Statistics

General Stats
  • This quiz has been taken 26 times
  • The average score is 50 of 106
Answer Stats
Hint Hint Answer % Correct
New York Yankees SS Derek Jeter
100%
St. Louis Cardinals 1B Albert Pujols
92%
New York Yankees 3B Alex Rodriguez
92%
Atlanta Braves CF Andruw Jones
92%
Atlanta Braves 3B Chipper Jones
92%
Boston Red Sox DH David Ortiz
92%
Los Angeles Angels C Bengie Molina
83%
New York Yankees CF Bernie Williams
83%
Houston Astros 2B Craig Biggio
83%
Boston Red Sox C Jason Varitek
83%
New York Yankees MGR Joe Torre
83%
New York Yankees C Jorge Posada
83%
Boston Red Sox LF Manny Ramirez
83%
Los Angeles Angels RF Vladimir Guerrero
83%
San Diego Padres SP Woody Williams
83%
St. Louis Cardinals C Yadier Molina
83%
Chicago White Sox C A.J. Pierzynski
75%
New York Yankees LF Hideki Matsui
75%
Chicago White Sox RF Jermaine Dye
75%
Los Angeles Angels SP John Lackey
75%
Houston Astros LF Lance Berkman
75%
Chicago White Sox SP Mark Buehrle
75%
Los Angeles Angels MGR Mike Scioscia
75%
Chicago White Sox MGR Ozzie Guillen
75%
Chicago White Sox 1B Paul Konerko
75%
Houston Astros SP Roger Clemens
75%
New York Yankees 1B Tino Martinez
75%
Houston Astros SP Andy Pettitte
67%
Atlanta Braves MGR Bobby Cox
67%
St. Louis Cardinals SP Chris Carpenter
67%
Boston Red Sox SS Edgar Renteria
67%
New York Yankees DH Jason Giambi
67%
Boston Red Sox CF Johnny Damon
67%
Atlanta Braves SP John Smoltz
67%
New York Yankees 2B Robinson Cano
67%
St. Louis Cardinals MGR Tony LaRussa
67%
Boston Red Sox 3B Bill Mueller
58%
Houston Astros C Brad Ausmus
58%
San Diego Padres RF Brian Giles
58%
Los Angeles Angels 3B Chone Figgins
58%
St. Louis Cardinals SS David Eckstein
58%
Boston Red Sox SP David Wells
58%
Chicago White Sox SP Freddy Garcia
58%
Los Angeles Angels LF Garret Anderson
58%
St. Louis Cardinals CF Jim Edmonds
58%
Atlanta Braves 2B Marcus Giles
58%
New York Yankees SP Mike Mussina
58%
Houston Astros 3B Morgan Ensberg
58%
Atlanta Braves SS Rafael Furcal
58%
San Diego Padres C Ramon Hernandez
58%
Houston Astros SP Roy Oswalt
58%
Chicago White Sox LF Scott Podsednik
58%
New York Yankees SP Randy Johnson
50%
Boston Red Sox MGR Terry Francona
50%
Los Angeles Angels SP Bartolo Colon
42%
San Diego Padres MGR Bruce Bochy
42%
New York Yankees RF Gary Sheffield
42%
San Diego Padres SP Jake Peavy
42%
Chicago White Sox 3B Joe Crede
42%
St. Louis Cardinals RF Larry Walker
42%
San Diego Padres LF Ryan Klesko
42%
Atlanta Braves SP Tim Hudson
42%
Boston Red Sox RF Trot Nixon
42%
Atlanta Braves C Brian McCann
33%
Los Angeles Angels 1B Darin Erstad
33%
San Diego Padres CF Dave Roberts
33%
Chicago White Sox SS Juan Uribe
33%
San Diego Padres SS Khalil Greene
33%
San Diego Padres 2B Mark Loretta
33%
Los Angeles Angels SS Orlando Cabrera
33%
Houston Astros MGR Phil Garner
33%
St. Louis Cardinals LF Reggie Sanders
33%
Boston Red Sox SP Tim Wakefield
33%
Chicago White Sox CF Aaron Rowand
25%
Los Angeles Angels 2B Adam Kennedy
25%
Atlanta Braves RF Jeff Francoeur
25%
Los Angeles Angels DH Juan Rivera
25%
St. Louis Cardinals SP Matt Morris
25%
Chicago White Sox 2B Tadahito Iguchi
25%
New York Yankees SP Chien-Ming Wang
17%
Los Angeles Angels SP Ervin Santana
17%
Los Angeles Angels SP Jarrod Washburn
17%
Houston Astros RF Jason Lane
17%
St. Louis Cardinals SP Jeff Suppan
17%
Boston Red Sox 1B John Olerud
17%
Chicago White Sox SP Jon Garland
17%
Atlanta Braves LF Ryan Langerhans
17%
Los Angeles Angels CF Steve Finley
17%
St. Louis Cardinals 3B Abraham Nuñez
8%
Atlanta Braves 1B Adam LaRoche
8%
San Diego Padres 3B Joe Randa
8%
Atlanta Braves SP Jorge Sosa
8%
Chicago White Sox SP Jose Contreras
8%
St. Louis Cardinals SP Mark Mulder
8%
Boston Red Sox SP Matt Clement
8%
Houston Astros 1B Mike Lamb
8%
San Diego Padres SP Pedro Astacio
8%
San Diego Padres 1B Robert Fick
8%
New York Yankees SP Shawn Chacon
8%
Boston Red Sox 2B Tony Graffanino
8%
Houston Astros SS Adam Everett
0%
Houston Astros SP Brandon Backe
0%
Chicago White Sox DH Carl Everett
0%
St. Louis Cardinals 2B Mark Grudzialanek
0%
Los Angeles Angels SP Paul Byrd
0%
Houston Astros CF Willy Taveras
0%
No matching quizzes found
Score Distribution
Percent of People with Each Score
Percentile by Number Answered
Your Score History
You have not taken this quiz